Gray's anatomy (Record no. 16500)
[ view plain ]
| 000 -LEADER | |
|---|---|
| fixed length control field | 00497cam a2200217 a 4500 |
| 001 - CONTROL NUMBER | |
| control field | 1021229 |
| 003 - CONTROL NUMBER IDENTIFIER | |
| control field | mut |
| 005 - DATE AND TIME OF LATEST TRANSACTION | |
| control field | 20240606081357.0 |
| 008 - FIXED-LENGTH DATA ELEMENTS--GENERAL INFORMATION | |
| fixed length control field | 880801s1989 stka b 001 0 eng |
| 010 ## - LIBRARY OF CONGRESS CONTROL NUMBER | |
| LC control number | 88025625 |
| 020 ## - INTERNATIONAL STANDARD BOOK NUMBER | |
| International Standard Book Number | 1851521046 |
| 040 ## - CATALOGING SOURCE | |
| Transcribing agency | mut |
| 050 00 - LIBRARY OF CONGRESS CALL NUMBER | |
| Classification number | QM 23.2 |
| Item number | .G73 1985 |
| 100 1# - MAIN ENTRY--PERSONAL NAME | |
| Personal name | Gray, Henry |
| 245 10 - TITLE STATEMENT | |
| Title | Gray's anatomy |
| 250 ## - EDITION STATEMENT | |
| Edition statement | 15th ed. |
| 260 ## - PUBLICATION, DISTRIBUTION, ETC. | |
| Place of publication, distribution, etc. | Toronto |
| Name of publisher, distributor, etc. | Chancellor Press |
| Date of publication, distribution, etc. | 1985 |
| 650 #0 - SUBJECT ADDED ENTRY--TOPICAL TERM | |
| Topical term or geographic name entry element | Human anatomy |
| 740 0# - ADDED ENTRY--UNCONTROLLED RELATED/ANALYTICAL TITLE | |
| Uncontrolled related/analytical title | Anatomy. |
| 942 ## - ADDED ENTRY ELEMENTS (KOHA) | |
| Source of classification or shelving scheme | Library of Congress Classification |
| Koha item type | Books |
| Withdrawn status | Lost status | Source of classification or shelving scheme | Damaged status | Not for loan | Home library | Current library | Shelving location | Date acquired | Source of acquisition | Total checkouts | Full call number | Barcode | Date last seen | Price effective from | Koha item type |
|---|---|---|---|---|---|---|---|---|---|---|---|---|---|---|---|
| Library of Congress Classification | Murang'a University of Technology Library | Murang'a University of Technology Library | General stacks | 28/03/2018 | Donation-TFC | QM 23.2 .G73 1985 | 020112 | 30/08/2024 | 28/03/2018 | Books |